Anteproyecto para la Sede Central del INTA : Complejo de Investigación y Prestación de Servicios en Tecnología Agropecuaria en Ochomogo de Cartago
Gespeichert in:
| 1. Verfasser: | |
|---|---|
| Weitere Verfasser: | |
| Format: | Unbekannt |
| Sprache: | Spanish |
| Veröffentlicht: |
[San José, Costa Rica]
2017
|
| Schlagworte: | |
| Tags: |
Tag hinzufügen
Keine Tags, Fügen Sie den ersten Tag hinzu!
|
MARC
| LEADER | 00000 a2200000 4500 | ||
|---|---|---|---|
| 003 | EA0177 | ||
| 005 | 20230227133939.0 | ||
| 008 | 140114s2017 cr a 000 ||spa d | ||
| 040 | |c cru CEDI | ||
| 090 | |a TFG EA-177 | ||
| 100 | |a Berrocal Velázquez, José Pablo |9 20345 | ||
| 245 | |a Anteproyecto para la Sede Central del INTA : Complejo de Investigación y Prestación de Servicios en Tecnología Agropecuaria en Ochomogo de Cartago | ||
| 260 | |a [San José, Costa Rica] |c 2017 | ||
| 500 | |a Práctica dirigida (licenciatura en arquitectura)--Universidad de Costa Rica. Facultad de Ingeniería. Escuela de Arquitectura | ||
| 501 | |a Director de Práctica Dirigida: M. Mag. Rudy Piedra Mena | ||
| 650 | |x LABORATORIOS - CARTAGO (COSTA RICA) - DISEÑOS Y PLANOS |x CARTAGO (COSTA RICA) - EDIFICIOS - DISEÑOS Y PLANOS |x DISEÑO ARQUITECTONICO - ASPECTOS AMBIENTALES - CARTAGO (COSTA RICA) |9 20346 | ||
| 700 | |9 80 |a Piedra Mena, Rudy, 1960- |d Director del TFG | ||
| 942 | |c CEDI | ||
| 999 | |c 13047 |d 13047 | ||
